000 nam a22 a 4500
999 _c3505
_d3505
005 20200305165037.0
008 170523r19891988enk || 001 ||eng d
020 _a0722519915 (pbk) :
_cRM53.00
040 _aAKMAL
082 _a658.45 HAM
090 _a658.4'5
_bHAM
100 _aHamlin, Sonya.
_97011
245 _a How to talk so people listen.
260 _bThorsons
_c1989.
300 _a[288]p.
_ccm
599 _aDALAM PROSES
650 _a Communication in management.
_92708
942 _2ddc
_cBOOK